| 000 | 00466nam a22001697a 4500 | ||
|---|---|---|---|
| 999 |
_c525601 _d525601 |
||
| 003 | NUST | ||
| 038 | _awaseem | ||
| 082 |
_a891.421 _bSYE |
||
| 100 |
_aSyed, Najam Hussain _915330 |
||
| 245 |
_aChandan Rakh Te Wairha / _cNajam Hussain Syed |
||
| 260 |
_aLahore : _bSochet Kitab Ghar, _c2003. |
||
| 300 | _a92 p. ; | ||
| 500 | _aPaperback. | ||
| 880 |
_6100-01\r _aنجم حسین سید |
||
| 880 |
_6245-02\r _aچندن رکھ تے ویہڑا / |
||
| 942 |
_2ddc _cBK |
||